| 000 | 01114nam a2200253Ia 4500 | ||
|---|---|---|---|
| 003 | OSt | ||
| 005 | 20221213111318.0 | ||
| 008 | 210310s1959 sp fq 001 0 spa d | ||
| 040 |
_aCO-JMCR _cCO-JMCR |
||
| 041 | 1 |
_aspa _heng |
|
| 082 | 0 | 4 |
_a311.23 / _bT376a _223 |
| 100 | 1 |
_aTheil, Henri, _917328 _eautor |
|
| 245 | 1 | 0 |
_aAgregación lineal de relaciones económicas / _cH. Theil ; traducción del inglés por Héctor Correa |
| 260 |
_aMadrid : _bAguilar, _c1959. |
||
| 300 |
_axii, 223 páginas ; _c21 cm. |
||
| 490 | 0 | _aBiblioteca de Ciencias Sociales. Sección primera. Economía | |
| 500 | _aIncluye índice alfabético de autores y materias. | ||
| 500 | _aTítulo original: Linear aggregation of economic relations | ||
| 505 | 0 | _aAgregación sobre un conjunto de individuos -- Agregación sobre varios conjunto de individuos o de bienes -- Agregación sobre períodos de tiempo -- Sistemas de macroecuaciones simultáneas -- Nuevas ampliaciones -- Agregación perfecta | |
| 650 | 1 | 4 |
_aAgregaciones _917330 |
| 650 | 2 | 4 | _aEstadísticas |
| 700 | 1 |
_aCorrea, Héctor, _etraductor _941847 |
|
| 942 |
_2ddc _cBK |
||
| 999 |
_c8457 _d8457 |
||